[Event "EYCC Open U16 2018"]
[Site "Riga"]
[Date "2018.08.27"]
[Round "7"]
[White "Petriashvili, Nikoloz"]
[Black "Salemgareev, Tagir"]
[Result "1/2-1/2"]
[WhiteElo "2323"]
[BlackElo "2375"]
[Annotator "TA"]
[PlyCount "58"]
[EventDate "2018.08.20"]
[EventType "swiss"]
[EventCountry "LAT"]
[SourceTitle "playchess.com"]
[Source "ChessBase"]
[SourceQuality "1"]

{[%evp 21,58,0,26,-14,5,-25,-12,-17,-26,-55,-23,-35,-41,-58,-42,-66,0,0,0,0,0,-5,-5,-5,-7,-5,-8,-7,0,0,0,0,0,0,0,0,0,0,0]} 1. d4 Nf6 2. Nf3 d5 3. c4 e6 4. g3 Be7 5. Bg2 O-O 6. O-O dxc4 7. Qc2 b6 8. Qxc4 Bb7 9. Rd1 Nbd7 10. Nc3 c5 11. dxc5 {E03: Open Catalan: 5 Qa4+ Nbd7 6 Qxc4} Bxc5 {LiveBook: 6 Games} 12. Qa4 $146 {Strongly threatening Ne5!} ({Predecessor:} 12. b4 Bxf2+ 13. Kxf2 Rc8 14. Qf4 Rxc3 15. Bb2 Rc7 16. Bxf6 gxf6 17. Rac1 Rxc1 18. Qxc1 Qc8 19. Qxc8 Bxc8 {½-½ (45) Bu,X (2710)-Bacrot,E (2715) Tbilisi 2017}) 12... Qc8 13. Nd4 Bxg2 14. Kxg2 a6 15. Nb3 Be7 16. Bg5 {[#] Threatens to win with Rxd7!} b5 17. Qf4 h6 18. Bxf6 Nxf6 (18... Bxf6 $15 19. h4 Bxc3 20. bxc3 Nb6) 19. Rac1 $11 {The position is equal.} Qb7+ 20. Qf3 Qb6 21. Ne4 Rac8 22. Rxc8 Rxc8 23. Rc1 $132 {[%mdl 2048] White has counterplay} Rxc1 24. Nxc1 Nd5 25. Nc3 Nxc3 26. Qxc3 Qb7+ 27. Qf3 Qc8 28. Nd3 Bd6 29. Qe4 g6 {Precision: White = 68%, Black = 57%.} 1/2-1/2

[Event "EYCC Open U16 2018"]
[Site "Riga"]
[Date "2018.08.27"]
[Round "7"]
[White "Tryggestad, Andreas Garberg"]
[Black "Gatineau, Yovann"]
[Result "0-1"]
[WhiteElo "2312"]
[BlackElo "2368"]
[Annotator "TA"]
[PlyCount "118"]
[EventDate "2018.08.20"]
[EventType "swiss"]
[EventCountry "LAT"]
[SourceTitle "playchess.com"]
[Source "ChessBase"]
[SourceQuality "1"]

{[%evp 18,117,8,-4,0,-14,-2,-14,0,-15,56,62,102,44,36,14,14,14,14,14,14,14,14,14,14,14,15,15,15,13,24,22,33,28,22,0,0,0,162,175,304,132,112,0,127,121,196,202,235,227,410,397,363,210,296,289,294,220,292,250,275,272,253,236,368,271,271,271,271,271,271,271,271,271,271,233,271,271,264,271,271,271,350,150,150,153,1175,12843,12842,489,167,0,0,0,0,-12831,-12825,-12822,-1604,-12848,-12848,-29999]} 1. d4 Nf6 2. c4 e6 3. Nf3 Bb4+ 4. Nbd2 O-O 5. a3 Bxd2+ 6. Bxd2 b6 7. g3 Bb7 8. Bg2 d6 9. O-O Nbd7 10. Qc2 {LiveBook: 5 Games} Be4 {E16: Queen's Indian: 4 g3 Bb7 5 Bg2 Bb4+} 11. Qa4 Qe7 12. Bc3 a5 $146 {The position is equal.} ({Predecessor:} 12... c6 13. Bh3 a6 14. Nd2 b5 15. Qd1 Bg6 16. Bg2 Rfc8 17. b3 d5 18. Re1 a5 19. e4 dxe4 20. Nxe4 Nxe4 21. Bxe4 Bxe4 22. Rxe4 {0-1 (47) Bublei,P (2387)-Dzhumagaliev,Y (2400) Sochi 2017}) 13. Rad1 b5 (13... Rfb8 $11) 14. Qxb5 $14 c5 15. Nd2 (15. Ne5 $1 $16 {[%cal Re5d7] And now Nxd7 would win.} cxd4 16. Bxe4 Nxe5 17. Bxa8 (17. Rxd4 Nxe4 18. Rxe4 Rfb8 $16) 17... dxc3 18. Bg2) 15... Rfb8 {White must now prevent ...Bxg2.} 16. Qa4 Nb6 17. Qb3 Nbd5 18. Qa2 Nxc3 19. bxc3 Bxg2 20. Kxg2 Qb7+ $1 21. f3 Qb2 22. Qxb2 Rxb2 23. Kf2 cxd4 24. cxd4 Rc2 $1 25. e4 Rb8 26. Ke2 {Rb1 is the strong threat.} Rbb2 $1 27. Kd3 e5 $2 {[#]} (27... Ra2 $11) 28. c5 $1 $18 {[%mdl 512]} exd4 (28... dxc5 {was worth a try.} 29. dxe5 Nd7) 29. cxd6 (29. Nc4 $18 Rc3+ 30. Kxd4) 29... Nd7 $16 30. Rf2 ({Much worse is} 30. Nc4 $6 Nc5+ 31. Kxd4 Ne6+ 32. Kd3 Nc5+ 33. Kd4 Ne6+ 34. Kd3 Nc5+ 35. Kd4 $11) (30. f4 $16) 30... Rc3+ (30... f6 $11 {remains equal.}) 31. Kxd4 Rxa3 (31... Rcc2 $16) 32. Nc4 $18 Rb4 33. Rb2 Rxf3 $2 (33... Rxb2 {was called for.} 34. Nxb2 (34. Nxa3 f6 $18) 34... Rxf3) 34. Rxb4 axb4 {[%mdl 4096] Endgame KRN-KRN} 35. Ra1 (35. Ne5 $142 Rf6 36. Kd5 Nxe5 37. Kxe5 Re6+ 38. Kd5) 35... f6 (35... g5 $142 36. Ra7 Nf8) 36. Ra7 Nf8 37. Re7 Rf1 38. Kc5 b3 39. d7 $1 {[%cal Rd7d8]} Rd1 40. Kc6 Rd4 (40... Nxd7 {keeps fighting.} 41. Rxd7 Rc1) 41. Nd6 Rxd6+ 42. Kxd6 {KR-KN} b2 {Hoping for ...Nxd7!} 43. d8=Q {Threatening mate with Qe8.} b1=Q {KQR-KQN} 44. Kc7 {aiming for Qd5+.} Qc2+ 45. Kb8 {Strongly threatening Qd5+.} Qb2+ 46. Kc8 Qa3 {intending ...Qa8+.} 47. Qd5+ Kh8 48. Kd8 h6 49. h4 {[%cal Bh2h4,Bh4h5][%mdl 32]} Qxg3 {[%cal Rg3b8] [#]} 50. Re8 (50. e5 $1 $18 {is the precise move to win.}) 50... Qa3 $16 51. h5 Kh7 $2 {[#]} (51... Qb4 $16 52. Kc7 Kh7) 52. Re7 $1 $18 {Ke8 would kill now.} Qa4 53. Rf7 (53. Rc7 $142 {White threatens Ke7 and mate.} Qb4 54. Rc8) 53... Qb4 54. Rb7 $2 ({White should play} 54. e5 $18 fxe5 55. Qxe5 Qd4+ 56. Qxd4 Ne6+ 57. Kd7 Nxd4 58. Ke7) 54... Ne6+ $1 $11 55. Qxe6 Qxb7 56. Ke8 $2 {[%mdl 8192]} (56. Qf5+ $11 Kg8 57. Qd5+ Qf7 58. Qf5) 56... Qb5+ $19 57. Kf8 Qc5+ 58. Qe7 Qc8+ 59. Kf7 Qg8# {Precision: White = 48%, Black = 41%.} 0-1

[Event "EYCC Open U16 2018"]
[Site "Riga"]
[Date "2018.08.27"]
[Round "7"]
[White "Maksimovic, Bojan"]
[Black "Shubin, Kirill"]
[Result "0-1"]
[WhiteElo "2241"]
[BlackElo "2374"]
[Annotator "TA"]
[PlyCount "72"]
[EventDate "2018.08.20"]
[EventType "swiss"]
[EventCountry "LAT"]
[SourceTitle "playchess.com"]
[Source "ChessBase"]
[SourceQuality "1"]

{[%evp 16,72,37,40,63,9,10,6,14,2,8,0,35,36,30,0,13,0,0,0,0,0,0,0,-2,-30,-24,-39,-22,-39,-32,-71,-68,-64,-64,-62,-71,-75,-70,-93,-87,-95,136,-75,-84,-90,-85,-197,-194,-189,-187,-243,-220,-231,-231,-322,-314,-1097,-588]} 1. e4 {[%cal Be2e4,Be4e5][%mdl 32]} c5 2. Nf3 Nf6 3. e5 Nd5 4. Nc3 Nxc3 5. dxc3 Nc6 6. Bc4 e6 7. Bf4 Qc7 {B29: Sicilian: 2 Nf3 Nf6 (Nimzowitsch Variation)} (7... Qb6 8. Nd2 Qxb2 9. Ne4 Qb6 10. Qg4 Na5 11. Be2 Qb2 12. O-O Qxc2 13. Qf3 Qa4 14. Rab1 a6 15. Rfd1 {1-0 (27) Amin,B (2693)-Gordievsky,D (2622) Wijk aan Zee 2018}) 8. Qd2 h6 9. h4 {LiveBook: 13 Games} Rb8 $146 {White is slightly better.} ({Predecessor:} 9... a6 10. Be2 b6 11. c4 g6 12. a3 Ne7 13. O-O-O Bb7 14. Kb1 Bg7 15. Rhg1 Bc6 16. g4 Rb8 17. Qe3 b5 18. Nd2 bxc4 19. Nxc4 Nd5 {½-½ (19) Boychuk,T (2528)-Elent,M (2443) ICCF email 2011}) 10. h5 (10. Be2 $14) 10... b5 $11 11. Be2 Ne7 12. O-O Bb7 13. a4 a6 (13... b4 $5) 14. axb5 axb5 15. Bh2 Be4 16. Rfe1 Qc6 17. Ra5 Nd5 18. b3 b4 19. cxb4 cxb4 20. Bc4 (20. Nd4 $5 {[%cal Rd4c6]} Qc3 21. Qxc3 Nxc3 22. Bf3 Bxf3 23. Nxf3 $11) 20... Nc3 21. Nd4 Qc7 22. Rea1 Bc5 23. Ne2 Bb6 24. Ra6 Bb7 25. Rxb6 Nxe2+ 26. Qxe2 Qxb6 $40 {[%mdl 128] Black has some attack.} 27. Rd1 O-O 28. Bf4 Bd5 $2 (28... Qc6 $17 {[%csl Gb7][%cal Rc6g2] and life is bright.} 29. Qg4 Kh8) 29. Bd3 $2 (29. Qg4 $1 $16 {Black must now prevent Bxh6.} Kh8 30. Bxd5 exd5 31. Rxd5) 29... Qd8 30. Qg4 {[#]} Kh8 $1 31. Ra1 (31. Re1 $17 {was worth a try.}) 31... f5 $19 32. Qg3 Be4 33. Bc4 (33. Qg6 $142) 33... Qe8 34. f3 {[#]} Bc6 $1 ({And not} 34... Bxc2 35. Rc1 $14) ({Stronger than} 34... Qxh5 35. fxe4 fxe4 36. Re1 $16) 35. Qg6 Qe7 {...Qc5+ is the strong threat.} 36. Kh2 $2 (36. Qg3) 36... Qh4+ {Precision: White = 39%, Black = 82%.} 0-1

[Event "EYCC Open U16 2018"]
[Site "Riga"]
[Date "2018.08.28"]
[Round "8"]
[White "Zarubitski, Viachaslau"]
[Black "Sonis, Francesco"]
[Result "1/2-1/2"]
[WhiteElo "2416"]
[BlackElo "2468"]
[Annotator "TA"]
[PlyCount "83"]
[EventDate "2018.08.20"]
[EventType "swiss"]
[EventCountry "LAT"]
[SourceTitle "playchess.com"]
[Source "ChessBase"]
[SourceQuality "1"]

{[%evp 20,83,0,0,0,0,0,0,0,28,27,17,15,11,24,0,0,0,7,2,10,8,31,49,39,54,45,34,21,20,35,18,26,28,26,14,39,41,93,-6,0,0,6,8,135,15,20,0,133,0,19,45,90,-54,-30,-104,-90,-100,-94,-93,-102,-96,-100,-100,-103,-122]} 1. e4 c5 2. Nf3 d6 3. d4 cxd4 4. Nxd4 Nf6 5. Nc3 a6 6. Be2 e6 7. Be3 Nbd7 8. f4 b5 9. a4 {B84: Sizilianisch (Scheveninger System)} (9. Bf3 Bb7 10. e5 dxe5 11. fxe5 Bxf3 12. Nxf3 Ng4 13. Bd4 Qc7 14. Qe2 Bc5 15. Bxc5 Qxc5 16. O-O-O Qe3+ {½-½ (39) Karjakin,S (2756)-Grischuk,A (2783) Beijing 2013}) 9... b4 10. Nc6 Qc7 11. Nxb4 {LiveBook: 3 Partien. Die Stellung ist ausgeglichen.} d5 12. Nbxd5 $1 exd5 13. e5 $1 Ne4 14. Nxd5 Qa5+ 15. c3 Bb7 16. Bc4 {b4 ist eine echte Drohung.} Rc8 17. Qb3 $146 Nec5 $1 {[%cal Rc5b3]} 18. Qc2 Ne6 $132 {[%mdl 2048] Schwarz has counterplay} 19. b4 Qd8 20. Qe4 $1 {[#]} Nb6 $1 {[%mdl 512]} 21. Bxb6 (21. Nxb6 Bxe4) 21... Bxd5 $1 22. Bxd5 Qxb6 23. a5 Qc7 24. Rc1 {zielt auf 0-0 ab.} Be7 25. Bb7 {[%mdl 1024] Weiss hat Kompensation.} Rb8 26. Bc6+ Kf8 {Droht ...Sd8 und aus.} 27. O-O $1 g6 28. Kh1 Ng7 (28... h5 $14) 29. Rc2 ({Günstiger ist} 29. g4 $16) 29... h5 30. Rd1 Rd8 31. Rcd2 {Schwarz muss nun Txd8+ beachten.} Rc8 (31... Ne6 $11 {hält das Gleichgewicht.}) 32. Bd7 (32. Bb7 $16) 32... Rd8 $11 33. Bc6 (33. Rd3 $11) 33... Rc8 $16 34. Bd7 (34. Bb7 $16) 34... Rd8 $11 35. Rd3 Kg8 36. f5 (36. Qc6 $16 Ne6 37. Qxc7 Nxc7 38. Ba4) 36... gxf5 37. Bxf5 (37. Qf4 $11 {bleibt in der Remisbreite.}) 37... Rxd3 $17 {Schwarz steht besser.} 38. Rxd3 {Und weiter mit e6 wäre nett.} Nxf5 39. Qxf5 {[#]} Rh6 $1 40. Rg3+ Kf8 41. Rf3 {[%csl Gf3][%cal Rf5f7]} Qc4 42. h3 {Precision: Weiß = 38%, Schwarz = 51%.} 1/2-1/2

[Event "EYCC Open U16 2018"]
[Site "Riga"]
[Date "2018.08.28"]
[Round "8"]
[White "Salemgareev, Tagir"]
[Black "Blohberger, Felix"]
[Result "0-1"]
[WhiteElo "2375"]
[BlackElo "2427"]
[Annotator "TA"]
[PlyCount "92"]
[EventDate "2018.08.20"]
[EventType "swiss"]
[EventCountry "LAT"]
[SourceTitle "playchess.com"]
[Source "ChessBase"]
[SourceQuality "1"]

{[%evp 26,92,19,6,8,12,31,25,22,8,38,-33,-36,-144,-134,-132,-141,-444,-437,-314,-202,-158,-156,-161,-152,-154,-153,-137,-153,-218,-214,-220,-226,-216,-204,-175,-179,-227,-227,-297,-284,-478,-456,-466,-468,-468,-427,-905,-886,-717,-697,-551,-574,-570,-565,-558,-556,-556,-556,-485,-471,-29969,-29969,-29949,-4618,-29987,-29988,-29988,-29985]} 1. Nf3 Nf6 2. c4 g6 3. Nc3 Bg7 4. e4 d6 5. d4 O-O 6. Be2 e5 7. d5 a5 8. Bg5 h6 9. Be3 Ng4 {E92: King's Indian: Classical: 6 Be2 e5: 7 dxe5, 7 Be3 and Petrosian System without 7...Nbd7} 10. Bd2 f5 11. h3 Nf6 12. exf5 gxf5 13. Qc1 (13. g3 Na6 14. Qc1 Kh7 15. Nh4 Nc5 16. Be3 Nfe4 17. Nxe4 Nxe4 {½-½ (42) Korobov,A (2678)-Kovalev,V (2650) Poikovsky 2018}) 13... f4 14. g3 {LiveBook: 35 Games} e4 $1 {[%cal Re4f3]} 15. Nh4 e3 $1 {[%cal Re3f2]} 16. fxe3 fxg3 17. Ng6 Re8 $146 18. Qc2 ({Better is} 18. Nf4 $14) 18... Na6 $1 $15 {[%cal Ra6b4]} 19. O-O-O (19. Bf3 $15) 19... Nb4 $36 {[%mdl 2048] Black is in control.} 20. Qb1 {[#] Black must now prevent Rdg1.} Ne4 $1 {[%cal Re4d2][%mdl 512]} 21. a3 $2 {[%mdl 8192]} (21. Nxe4 $2 Bf5) (21. Rhf1 $17 Nf2 22. Rxf2 gxf2 23. Rf1) 21... Nxd2 $19 22. Rxd2 Na6 {Threatens to win with ...Qg5.} (22... Rxe3 23. Nd1 $15) 23. Nf4 Nc5 24. Qg6 Rxe3 {Strongly threatening ...Qf6.} 25. Bd3 {And now Qh7+ would win.} Nxd3+ 26. Rxd3 Rxd3 27. Nxd3 (27. Qxd3 $17 Qg5 28. Qe3) 27... Qg5+ 28. Qxg5 hxg5 29. Rg1 Bxh3 30. Rxg3 Bf5 31. Nf2 Kf7 32. Nce4 Be5 33. Nxg5+ $2 (33. Rg2 {might work better.} Ke7 34. Ng3) 33... Kf6 ({Not} 33... Kg6 34. Nge4+ Bxg3 35. Nxg3 $19) 34. Nge4+ {[#]} Bxe4 $1 35. Nxe4+ {[%mdl 4096] Endgame KRB-KRN} Kf5 36. Rb3 (36. Nxd6+ $142 cxd6 37. Rb3) 36... Kxe4 37. Rxb7 {KRB-KR} Bd4 38. Kc2 Bb6 39. b4 {and the idea c5! leaves White hopeful.} Kd4 {Hoping for ...axb4.} 40. c5 dxc5 {[%cal Bd6c5,Bc5b4][%mdl 32]} 41. d6 {[#]} Rc8 $1 42. dxc7 Bxc7 43. Rb5 (43. bxc5 $19 Kxc5 44. Rb3) 43... cxb4 44. Kb3 Bd6 45. Rxa5 Rc3+ 46. Kb2 Rxa3 {Precision: White = 38%, Black = 95%.} 0-1

[Event "EYCC Open U16 2018"]
[Site "Riga"]
[Date "2018.08.28"]
[Round "8"]
[White "Shubin, Kirill"]
[Black "Remizov, Yaroslav"]
[Result "0-1"]
[WhiteElo "2374"]
[BlackElo "2317"]
[Annotator "TA"]
[PlyCount "50"]
[EventDate "2018.08.20"]
[EventType "swiss"]
[EventCountry "LAT"]
[SourceTitle "playchess.com"]
[Source "ChessBase"]
[SourceQuality "1"]

{[%evp 22,50,32,25,28,28,36,33,60,0,0,-41,-47,-43,-54,-44,-53,-83,-53,-105,-106,-100,-115,-237,-225,-259,-228,-458,-447,-675,-661]} 1. e4 c5 2. Nf3 d6 3. d4 cxd4 4. Nxd4 Nf6 5. Nc3 a6 6. Be3 e5 7. Nb3 Be6 8. h3 {B90: Sicilian Najdorf: Unusual White 6th moves, 6 Be3 Ng4 and 6 Be3 e5} (8. f3 Nbd7 9. g4 b5 10. g5 b4 11. Ne2 Ng8 12. f4 h6 13. f5 Bc4 14. g6 fxg6 15. Ng3 Bxf1 16. Rxf1 Ngf6 17. fxg6 Qc7 {1-0 (34) Aronian,L (2767)-So,W (2780) Saint Louis 2018}) 8... Be7 9. f4 Nc6 10. f5 Bxb3 11. axb3 Nb4 12. g3 {LiveBook: 6 Games} Qc8 {And now ...Nxe4! would win.} 13. Rh2 O-O 14. Rd2 {[#]} Rd8 $146 {[%cal Bf8d8,Bd8d7,Bd7d6][%mdl 32]} ({Predecessor:} 14... d5 15. Nxd5 Nbxd5 16. exd5 {½-½ (62) Wilczek,T (2648)-Nickel,A (2632) ICCF email 2011}) 15. Bb6 ({White should try} 15. Bg2 $14) 15... Rd7 $11 16. Ra4 d5 $1 {[%cal Rd5d4]} 17. Nxd5 Nbxd5 18. exd5 Rd6 19. Rc4 Qxf5 20. Bc7 {[#]} (20. Bc5 $1 $15) 20... e4 $1 $17 {[%cal Be5e4,Be4e3][%mdl 32] aiming for ...e3.} 21. Bxd6 Bxd6 22. Rg2 (22. Qe2 $17) 22... Qxh3 $19 ({Weaker is} 22... Nxd5 23. Qg4 $11) 23. Qd4 Re8 ({Don't take} 23... Bxg3+ 24. Kd1 $19) 24. Kd1 $2 {[#]} (24. Qe3) 24... e3 25. Ke2 (25. Qd3 $142 e2+ 26. Rxe2 Qxf1+ 27. Kd2 Rxe2+ 28. Qxe2) 25... Bxg3 {Precision: White = 24%, Black = 100%.} 0-1

[Event "EYCC Open U16 2018"]
[Site "Riga"]
[Date "2018.08.28"]
[Round "8"]
[White "Baenziger, Fabian"]
[Black "Petriashvili, Nikoloz"]
[Result "1-0"]
[WhiteElo "2373"]
[BlackElo "2323"]
[Annotator "TA"]
[PlyCount "127"]
[EventDate "2018.08.20"]
[EventType "swiss"]
[EventCountry "LAT"]
[SourceTitle "playchess.com"]
[Source "ChessBase"]
[SourceQuality "1"]

{[%evp 19,127,37,50,0,12,0,0,5,47,54,89,68,66,47,39,81,46,27,75,70,104,87,87,87,81,100,150,94,149,140,285,122,470,476,479,482,470,458,446,414,410,317,332,337,321,308,341,344,338,300,391,233,269,232,325,331,306,207,268,268,268,259,278,274,279,268,275,268,263,262,312,312,303,300,340,331,377,378,403,403,403,403,403,403,395,380,357,0,389,383,859,843,888,896,895,877,809,804,737,720,925,865,1203,1222,1202,1203,1219,1013,1156,1141]} 1. d4 Nf6 2. c4 g6 3. Nf3 Bg7 4. g3 O-O 5. Bg2 c6 6. O-O d5 7. Qb3 Na6 8. Nc3 dxc4 9. Qxc4 Be6 10. Qa4 Nd5 {LiveBook: 17 Games. D78: Fianchetto Grünfeld: 6 0-0 c6} (10... Qb6 11. Rd1 Rfd8 12. Ng5 Bd7 13. Qc4 Be8 14. a3 e6 15. b4 Nd5 16. Nce4 e5 17. dxe5 Bxe5 18. Rb1 Qc7 {½-½ (44) Ivanisevic,I (2662)-Svane,R (2531) Biel 2015}) 11. Qd1 Nb6 12. b3 $146 ({Predecessor:} 12. Bf4 Nb4 13. Re1 N4d5 14. Bc1 Nxc3 15. bxc3 c5 16. e4 Bg4 17. e5 cxd4 18. cxd4 Qd7 19. Be3 {1-0 (90) Ajay,K (1988)-Aditya,M (2211) Mumbai 2017}) 12... c5 {[%cal Rc5d4] The position is equal.} 13. Be3 Rc8 {And now ...cxd4 would win.} 14. Rc1 Qe8 15. Qe1 Bd7 16. Ne5 cxd4 17. Bxd4 Nc5 {[%cal Ba6c5,Bc5e6,Be6d4][%mdl 32]} 18. f4 {[%cal Bf2f4,Bf4f5][%mdl 32]} Ne6 19. Be3 Rc7 20. Qf2 Qc8 21. Nxd7 Rxd7 22. f5 Nd4 23. g4 (23. Na4 $142 Nc6 24. Bxb6 (24. Nxb6 axb6 25. a4 Rd6 $16) 24... axb6 25. Nxb6) 23... Qb8 (23... Nc6 $142) 24. Ne4 $1 $36 {[%mdl 2048] Hoping for f6. Black is under strong pressure.} Qe5 (24... Nc6 $16 {is a better defense.}) 25. Nc5 (25. Rc5 $18 Nd5 26. f6 $1 {[%mdl 512]} Nxe2+ 27. Qxe2 exf6 28. Qf2) 25... Rc7 $2 {[%mdl 8192]} (25... Rdd8 $16 {is tougher.}) 26. Nd3 $18 Qd6 27. Rxc7 Nxe2+ 28. Qxe2 Qxc7 29. g5 Rd8 30. f6 exf6 31. gxf6 Bf8 32. Bf4 Qc3 33. Nf2 ({Not} 33. Bxb7 Rxd3 34. Kh1 Rd7 $11) 33... Nd5 34. Qd2 Qc6 35. Ng4 (35. Be5 $142 Bb4 36. Qg5) 35... Qb6+ {[#]} 36. Kh1 $1 Nxf6 (36... Nxf4 {was necessary.} 37. Qxf4 Rd6) 37. Nxf6+ Qxf6 38. Bg5 Qxf1+ 39. Bxf1 Rxd2 40. Bxd2 Bc5 41. Bc3 f5 42. Bc4+ Kf8 43. Bf6 Ke8 44. Kg2 Be7 45. Bd4 b6 46. Be5 Bc5 47. Kf3 Ke7 48. h4 Bb4 49. Bb8 a5 50. Bc7 Bc5 51. Be5 Bb4 52. Bd4 Bc5 53. Be5 Bb4 $1 {[#]} 54. h5 $1 g5 $2 (54... gxh5 55. Kf4 a4 56. Kxf5 axb3 57. axb3 h4 58. Bf6+ Kd6 59. Bxh4 Bd2) 55. a4 {White is clearly winning.} h6 56. Bd4 Bc5 57. Bg7 Bd6 58. Ke3 Ba3 59. Kd3 Bc5 60. Bg8 Bb4 61. Kd4 Ba3 62. Kd5 g4 63. Be5 Bc1 64. Be6 {Precision: White = 64%, Black = 35%.} 1-0

[Event "EYCC Open U16 2018"]
[Site "Riga"]
[Date "2018.08.28"]
[Round "8"]
[White "Gatineau, Yovann"]
[Black "Mis, Mieszko"]
[Result "1-0"]
[WhiteElo "2368"]
[BlackElo "2301"]
[Annotator "TA"]
[PlyCount "59"]
[EventDate "2018.08.20"]
[EventType "swiss"]
[EventCountry "LAT"]
[SourceTitle "playchess.com"]
[Source "ChessBase"]
[SourceQuality "1"]

{[%evp 17,59,-5,-10,-25,0,-31,-32,-23,-8,-8,6,-54,95,87,148,146,153,147,131,127,267,263,265,262,243,243,276,275,256,270,288,283,302,298,347,345,546,490,529,267,1010,994,1508,977]} 1. d4 Nf6 2. Bf4 c5 3. d5 Qb6 4. Nc3 d6 5. e4 Qxb2 6. Bd2 Qb6 7. f4 e6 8. Nf3 {A45: Trompowsky Attack} (8. Rb1 Qc7 9. Bb5+ Bd7 10. Nf3 Be7 11. dxe6 fxe6 12. Ng5 Nc6 13. f5 exf5 14. exf5 Nd4 15. O-O d5 {½-½ (50) Swinkels,R (2493)-Durarbayli,V (2614) Bilbao 2014}) 8... Be7 9. Rb1 Qd8 $1 {LiveBook: 5 Games} 10. dxe6 $146 {The position is equal.} ({Predecessor:} 10. Bb5+ Bd7 11. dxe6 fxe6 12. Bc4 Nc6 13. O-O O-O 14. Ng5 Qc8 15. f5 Nd4 {0-1 (75) Demidov,M (2497)-Sychev,K (2414) Moscow 2015}) 10... Bxe6 11. Rxb7 O-O 12. Rb1 Nc6 13. f5 Bc8 14. Bc4 (14. Bb5 $11 Bb7 15. O-O) 14... Na5 (14... d5 $15 {keeps the upper hand.} 15. exd5 Nb4) 15. Bd5 $1 $36 {[%cal Rd5a8][%mdl 2048] Black is under strong pressure.} Ba6 (15... Nxd5 $142 16. Nxd5 Nc4) 16. Bxa8 Qxa8 17. Kf2 Bb7 18. Re1 Re8 (18... Nc4 $16) 19. Nb5 $18 Qd8 20. Bxa5 $1 ({Less strong is} 20. Nxa7 Bxe4 21. Ng5 Nc4 $16) 20... Qxa5 21. Nxd6 Bxd6 22. Rxb7 Qa6 23. Rb1 Ng4+ 24. Kg1 c4 25. Qd5 Qa3 26. h3 (26. Qxc4 Bc5+ 27. Nd4 Ne5 $11) 26... Ne3 (26... Qc5+ $142 27. Qxc5 Bxc5+ 28. Kh1 Nf2+ 29. Kh2 Nxe4) 27. Qc6 Rd8 28. Kh1 Nxc2 $2 (28... Bg3 29. Rg1 h6) 29. Red1 h5 {[#]} 30. Qxd6 $1 {[%mdl 512] Precision: White = 50%, Black = 30%.} 1-0